000 00561nam a2200157 i 4500
001 39413
003 ES-MaACL
005 20230906155954.0
007 t|
008 030303s1946 sp ||||1| spa d
110 2 _aCámara Oficial de Comercio, Industria y Navegación de Barcelona.
_92390
245 1 0 _aCatálogo de la biblioteca por orden alfabético de autores /
_cCámara Oficial de Comercio y Navegación de Barcelona.
260 _aBarcelona :
_b[s.n.,
_c1946] (
_fTip. La Académica)
300 _a546 p. ;
_c24 cm.
852 _aES-MaACL
_jD-7270
_bR.27065
999 _c39413
_d39413